| 000 | 01067cad a22002415a 4500 | ||
|---|---|---|---|
| 001 | L157098 | ||
| 008 | 120829s2012 xxk ofs 000 0 eng d | ||
| 020 | _a9781842198162 | ||
| 035 | _a(Sirsi) u157098 | ||
| 041 | 0 | _aeng | |
| 110 | 2 |
_aRoyal Institution of Chartered Surveyors _94900 |
|
| 245 | 0 | 0 |
_aSupply, demand and the value of green buildings _h[electronic resource] |
| 260 |
_aLondon _bRICS _c2012 |
||
| 490 | _aRICS Research | ||
| 520 | _aDocuments the 2000-2009 period, in which the expanding supply of "green" buildings within a given London neighborhood had a positive impact on rents and prices in general, but reduced rents and prices for environmentally-certified real estate. The results suggest that there is a gentrification effect from "green" buildings | ||
| 651 | 4 |
_aUnited Kingdom _y |
|
| 690 |
_aEnergy _96237 |
||
| 700 | 1 | _aChegut, Andrea | |
| 700 | 1 | _aEichholtz, Piet | |
| 700 | 1 | _aKok, Nils | |
| 856 | 4 | 0 |
_uhttps://www.rics.org/Global/Green_Value_Buildings_210312_dwl_aj.pdf _zView the item free of charge at www.rics.org |
| 942 | _n0 | ||
| 999 |
_c114595 _d114595 |
||